000
00316nam a22001457a 4500
008
230926b ||||| |||| 00| 0 eng d
020
_a
9780534529581
041
_a
eng
080
_a
101
082
_a
101EIT
100
_a
44
101
_a
FILOZ
245
_a
EXPERIENCING POVERTY
_c
EITZEN .S.D
942
_2
udc
_c
BK
999
_c
60397
_d
60397